000
00274nam a2200109Ia 4500
008
190216s9999||||xx |||||||||||||| ||und||
100
_a
Rakesh Shahani
245
0
_a
Financial Markets And Services
260
_b
Galgotia Publication Pvt Ltf
_c
2002
300
_a
246
942
_c
BK
999
_c
6299
_d
6299